[Event "South Wales op 20th"]
[Site "Bridgend"]
[Date "2025.07.08"]
[Round "8"]
[White "Binks, Michael"]
[Black "Jukes, Sam"]
[Result "1/2-1/2"]
[WhiteElo "1934"]
[BlackElo "2002"]
[PlyCount "111"]
[EventDate "2025.07.04"]
[EventType "swiss"]
[EventRounds "9"]
[EventCountry "WLS"]
[SourceTitle "CB29_2025"]
[SourceDate "2025.07.16"]
[SourceVersion "1"]
[SourceVersionDate "2025.07.16"]
[SourceQuality "1"]

1. d4 Nf6 2. c4 e6 3. Nc3 Bb4 4. Nf3 d5 5. cxd5 Nxd5 6. Bd2 0-0 7. e3 b6 8. Bd3 Bb7 9. 0-0 Nf6 10. a3 Be7 11. Qe2 Nbd7 12. Ba6 Qc8 13. Bxb7 Qxb7 14. Rac1 Rfd8 15. Rfd1 a6 16. e4 c5 17. dxc5 Nxc5 18. Bg5 h6 19. Bxf6 Bxf6 20. e5 Be7 21. Nd2 Nd3 22. Rb1 Rac8 23. Nf3 Nf4 24. Qe1 Rxd1 25. Rxd1 Bxa3 26. Na4 Bc5 27. Nxc5 bxc5 28. Rd2 g5 29. Qe3 Qe7 30. Rd6 Nd5 31. Qa3 Nb4 32. Qa5 Qc7 33. Qxc7 Rxc7 34. Nd2 Kf8 35. Ne4 Nc6 36. g3 Nxe5 37. f4 gxf4 38. gxf4 Ng6 39. f5 exf5 40. Ng3 Nh4 41. Rxh6 Nf3+ 42. Kf2 Nd4 43. Rxa6 Rb7 44. Ra2 Rb3 45. Ne2 Nc2 46. Nc1 Rb5 47. Kf3 Kg7 48. Kf4 Kg6 49. Ra6+ Kg7 50. Nd3 Nb4 51. Nxb4 cxb4 52. b3 f6 53. h4 Rd5 54. Rb6 Rd4+ 55. Kxf5 Rd5+ 56. Kf4 1/2-1/2

[Event "South Wales op 20th"]
[Site "Bridgend"]
[Date "2025.07.07"]
[Round "6"]
[White "Davis, Cameron"]
[Black "Jukes, Sam"]
[Result "1-0"]
[WhiteElo "1897"]
[BlackElo "2002"]
[PlyCount "49"]
[EventDate "2025.07.04"]
[EventType "swiss"]
[EventRounds "9"]
[EventCountry "WLS"]
[SourceTitle "CB29_2025"]
[SourceDate "2025.07.16"]
[SourceVersion "1"]
[SourceVersionDate "2025.07.16"]
[SourceQuality "1"]

1. e4 c5 2. Nf3 Nc6 3. Bb5 g6 4. c3 Bg7 5. d4 Qa5 6. Bxc6 dxc6 7. 0-0 Bg4 8. dxc5 Nf6 9. h3 Bxf3 10. Qxf3 Qxc5 11. Nd2 a5 12. a4 0-0 13. Qe2 Rfd8 14. Nf3 Nd7 15. Be3 Qd6 16. Rfd1 Qc7 17. Rd2 e5 18. Bg5 f6 19. Qc4+ Kh8 20. Qf7 Rf8 21. Qxd7 Qxd7 22. Rxd7 fxg5 23. Nxg5 b5 24. axb5 cxb5 25. Rb7 1-0

[Event "South Wales op 20th"]
[Site "Bridgend"]
[Date "2025.07.06"]
[Round "4"]
[White "Richards, Gareth"]
[Black "Jukes, Sam"]
[Result "0-1"]
[WhiteElo "1560"]
[BlackElo "2002"]
[PlyCount "72"]
[EventDate "2025.07.04"]
[EventType "swiss"]
[EventRounds "9"]
[EventCountry "WLS"]
[SourceTitle "CB29_2025"]
[SourceDate "2025.07.16"]
[SourceVersion "1"]
[SourceVersionDate "2025.07.16"]
[SourceQuality "1"]

1. e4 c5 2. Nf3 Nc6 3. d4 cxd4 4. Nxd4 Nf6 5. Nc3 e5 6. Nb3 Bb4 7. Bd2 0-0 8. a3 Bxc3 9. Bxc3 Nxe4 10. Qf3 Nxc3 11. Qxc3 d5 12. 0-0-0 d4 13. Qg3 Qd6 14. Bd3 f5 15. Bc4+ Be6 16. Bxe6+ Qxe6 17. Rhe1 Rad8 18. Nc5 Qa2 19. Qb3+ Qxb3 20. cxb3 Rd5 21. b4 a5 22. Nd3 axb4 23. axb4 Rb5 24. f3 Re8 25. h3 Nxb4 26. Nxb4 Rxb4 27. Rd3 Kf7 28. b3 Ke6 29. Kb2 Kd5 30. Ka3 Rb6 31. Rc1 Rc6 32. Rcd1 Ra8+ 33. Kb2 Rca6 34. Kc1 Ra1+ 35. Kd2 R8a2+ 36. Ke1 Rxd1+ 0-1

[Event "South Wales op 20th"]
[Site "Bridgend"]
[Date "2025.07.04"]
[Round "2"]
[White "Balaji, Aaravamudhan"]
[Black "Jukes, Sam"]
[Result "1-0"]
[WhiteElo "2351"]
[BlackElo "2002"]
[PlyCount "55"]
[EventDate "2025.07.04"]
[EventType "swiss"]
[EventRounds "9"]
[EventCountry "WLS"]
[SourceTitle "CB29_2025"]
[SourceDate "2025.07.16"]
[SourceVersion "1"]
[SourceVersionDate "2025.07.16"]
[SourceQuality "1"]

1. d4 Nf6 2. c4 e6 3. Nc3 Bb4 4. e3 c5 5. Nge2 cxd4 6. exd4 d5 7. a3 Be7 8. Nf4 0-0 9. cxd5 exd5 10. Bd3 Na6 11. 0-0 Nc7 12. Qf3 Bg4 13. Qg3 Qd7 14. h3 Bf5 15. Qf3 Bxd3 16. Nxd3 a6 17. Ne5 Qd6 18. Be3 Ne6 19. Rac1 Ne4 20. Nxe4 dxe4 21. Qxe4 f5 22. Qxb7 Rab8 23. Qf3 f4 24. Rc6 Nxd4 25. Bxd4 Qxd4 26. Re6 Rbe8 27. Re1 Bf6 28. Rxe8 1-0

[Event "WLS-ch 69th"]
[Site "Cardiff"]
[Date "2025.04.21"]
[Round "6"]
[White "Blackburn, Jonathan LB"]
[Black "Jukes, Sam"]
[Result "1-0"]
[WhiteElo "2205"]
[BlackElo "1951"]
[PlyCount "61"]
[EventDate "2025.04.18"]
[EventType "swiss"]
[EventRounds "7"]
[EventCountry "WLS"]
[SourceTitle "CB17_2025"]
[SourceDate "2025.04.23"]
[SourceVersion "1"]
[SourceVersionDate "2025.04.23"]
[SourceQuality "1"]

1. d4 Nf6 2. c4 e6 3. Nf3 b6 4. g3 Ba6 5. Qc2 c5 6. d5 exd5 7. cxd5 Bb7 8. Bg2 Nxd5 9. 0-0 Be7 10. Qe4 Bc6 11. Ne5 Nf6 12. Nxc6 Nxc6 13. Qa4 0-0 14. Nc3 Rc8 15. Rd1 b5 16. Nxb5 Qb6 17. Nd6 Bxd6 18. Rxd6 Qb4 19. Qxb4 cxb4 20. Bg5 Rfe8 21. Bxf6 gxf6 22. Rxd7 a5 23. Bd5 Nd8 24. e4 Rc2 25. b3 Ne6 26. a3 bxa3 27. Rxa3 Rc5 28. b4 axb4 29. Raa7 Rxd5 30. exd5 Nc5 31. Rxf7 1-0

[Event "WLS-ch 69th"]
[Site "Cardiff"]
[Date "2025.04.19"]
[Round "3"]
[White "Jukes, Sam"]
[Black "Pleasants, Allan J"]
[Result "1/2-1/2"]
[WhiteElo "1951"]
[BlackElo "1985"]
[PlyCount "74"]
[EventDate "2025.04.18"]
[EventType "swiss"]
[EventRounds "7"]
[EventCountry "WLS"]
[SourceTitle "CB17_2025"]
[SourceDate "2025.04.23"]
[SourceVersion "1"]
[SourceVersionDate "2025.04.23"]
[SourceQuality "1"]

1. e4 d6 2. d4 Nf6 3. Nc3 c6 4. f4 Qa5 5. Bd3 e5 6. dxe5 dxe5 7. fxe5 Ng4 8. Nf3 Bb4 9. Bd2 Nxe5 10. Nxe5 Qxe5 11. Qf3 Be6 12. a3 Be7 13. Nd1 Qf6 14. Bc3 Qxf3 15. gxf3 f6 16. Ne3 g6 17. 0-0-0 Nd7 18. Bc4 Nf8 19. Rhe1 Rd8 20. Rxd8+ Kxd8 21. Nd5 cxd5 22. exd5 Bxd5 23. Bxd5 b6 24. Bf7 Nd7 25. Rd1 Kc7 26. Be6 Rd8 27. Re1 Bd6 28. h3 Bf4+ 29. Kb1 Ne5 30. Re4 g5 31. Rd4 Rxd4 32. Bxd4 Nxf3 33. Bxf6 Kd6 34. Bf5 h5 35. c3 Ne5 36. Kc2 g4 37. Bxe5+ Kxe5 1/2-1/2

[Event "WLS-ch 69th"]
[Site "Cardiff"]
[Date "2025.04.18"]
[Round "1"]
[White "Jukes, Sam"]
[Black "Toczek, Grzegorz"]
[Result "0-1"]
[WhiteElo "1951"]
[BlackElo "2233"]
[PlyCount "66"]
[EventDate "2025.04.18"]
[EventType "swiss"]
[EventRounds "7"]
[EventCountry "WLS"]
[SourceTitle "CB17_2025"]
[SourceDate "2025.04.23"]
[SourceVersion "1"]
[SourceVersionDate "2025.04.23"]
[SourceQuality "1"]

1. e4 Nc6 2. Nf3 d6 3. d4 Bg4 4. d5 Nb8 5. Be3 Nf6 6. Nbd2 g6 7. h3 Bxf3 8. gxf3 Bg7 9. c4 Nbd7 10. f4 e6 11. Qc2 0-0 12. 0-0-0 c6 13. dxe6 fxe6 14. Nf3 Qe7 15. Kb1 d5 16. f5 dxe4 17. fxe6 exf3 18. exd7 Nxd7 19. h4 Ne5 20. h5 Rad8 21. Rxd8 Rxd8 22. Bxa7 c5 23. Bb6 Rd4 24. Ba5 Qd6 25. a3 Nc6 26. Bc3 Rd1+ 27. Ka2 Bxc3 28. Qxc3 Nd4 29. hxg6 hxg6 30. b3 Qe5 31. Qe3 Qxe3 32. fxe3 Nf5 33. Rg1 Kg7 0-1

[Event "Isle of Wight op"]
[Site "Ryde"]
[Date "2025.02.21"]
[Round "6"]
[White "Zheng, Harry Z"]
[Black "Jukes, Sam"]
[Result "1-0"]
[WhiteElo "2198"]
[BlackElo "1951"]
[PlyCount "81"]
[EventDate "2025.02.18"]
[EventType "swiss"]
[EventRounds "9"]
[EventCountry "ENG"]
[SourceTitle "CB09_2025"]
[SourceDate "2025.02.27"]
[SourceVersion "1"]
[SourceVersionDate "2025.02.27"]
[SourceQuality "1"]

1. e4 c5 2. Nf3 Nc6 3. d4 cxd4 4. Nxd4 Nf6 5. Nc3 e5 6. Ndb5 d6 7. Bg5 a6 8. Na3 b5 9. Nd5 Be7 10. Bxf6 Bxf6 11. c4 b4 12. Nc2 0-0 13. g3 Be6 14. Bg2 a5 15. b3 Bg5 16. 0-0 Qb8 17. Kh1 Bd8 18. f4 f6 19. Qd2 Bf7 20. Rf3 Bb6 21. Nxb6 Qxb6 22. Rd3 Rfd8 23. Qe3 Qxe3 24. Nxe3 a4 25. Rad1 axb3 26. axb3 Bh5 27. Re1 Nd4 28. Nf5 Nxf5 29. exf5 Rab8 30. h3 exf4 31. g4 Bf7 32. Rf1 g5 33. fxg6 Bxg6 34. Rd2 Re8 35. Rxd6 Re3 36. c5 Rc3 37. c6 f3 38. Rxf3 Rc8 39. Rf4 Bf7 40. Rxb4 Bxb3 41. Rxb3 1-0

[Event "Isle of Wight blitz op1"]
[Site "Isle of Wight"]
[Date "2025.02.19"]
[Round "3"]
[White "Ding, Yicheng"]
[Black "Jukes, Sam"]
[Result "0-1"]
[WhiteElo "1583"]
[BlackElo "1886"]
[PlyCount "54"]
[EventDate "2025.02.19"]
[EventType "swiss (blitz)"]
[EventRounds "7"]
[EventCountry "ENG"]
[SourceTitle "CB08_2025"]
[SourceDate "2025.02.19"]
[SourceVersion "1"]
[SourceVersionDate "2025.02.19"]
[SourceQuality "1"]

1. d4 Nf6 2. c4 e6 3. Nf3 b6 4. a3 Bb7 5. Nc3 Be7 6. Bf4 0-0 7. e3 d5 8. cxd5 Nxd5 9. Nxd5 exd5 10. Bd3 c5 11. 0-0 Nd7 12. Ne5 Nf6 13. Qf3 Ne4 14. Bg3 f5 15. Qe2 Bd6 16. f4 Nxg3 17. hxg3 Bxe5 18. fxe5 Qg5 19. Qf3 g6 20. Rf2 c4 21. Bxc4 dxc4 22. Qxb7 Qxe3 23. Qd5+ Kh8 24. Qxc4 Rac8 25. Qd5 Rcd8 26. Qb7 Rxd4 27. Qe7 Rdd8 0-1

[Event "Isle of Wight op"]
[Site "Ryde"]
[Date "2025.02.18"]
[Round "2"]
[White "Khoury, Theo"]
[Black "Jukes, Sam"]
[Result "0-1"]
[WhiteElo "2124"]
[BlackElo "1951"]
[PlyCount "46"]
[EventDate "2025.02.18"]
[EventType "swiss"]
[EventRounds "9"]
[EventCountry "ENG"]
[SourceTitle "CB09_2025"]
[SourceDate "2025.02.27"]
[SourceVersion "1"]
[SourceVersionDate "2025.02.27"]
[SourceQuality "1"]

1. e4 e5 2. Nf3 Nc6 3. d4 exd4 4. Nxd4 Nf6 5. Nxc6 bxc6 6. e5 Qe7 7. Qe2 Nd5 8. h4 Qe6 9. Nd2 a5 10. c4 Nb6 11. h5 h6 12. b3 Bb4 13. Bb2 a4 14. 0-0-0 axb3 15. axb3 Ba3 16. Nf3 0-0 17. Nd4 Bxb2+ 18. Kxb2 Qe7 19. Nc2 d5 20. exd6 Qf6+ 21. Nd4 Qxd6 22. Nc2 Qf6+ 23. Nd4 Rd8 0-1

[Event "Hastings Masters op 98th"]
[Site "Hastings"]
[Date "2024.12.30"]
[Round "4"]
[White "Butt, Laurence"]
[Black "Jukes, Sam"]
[Result "0-1"]
[WhiteElo "1818"]
[BlackElo "1911"]
[PlyCount "74"]
[EventDate "2024.12.28"]
[EventType "swiss"]
[EventRounds "9"]
[EventCountry "ENG"]
[SourceTitle "CB02_2025"]
[SourceDate "2025.01.08"]
[SourceVersion "1"]
[SourceVersionDate "2025.01.08"]
[SourceQuality "1"]

1. d4 Nf6 2. Bg5 c5 3. d5 Ne4 4. Bc1 Qa5+ 5. c3 d6 6. f3 Nf6 7. e4 g6 8. Na3 Bg7 9. Nc4 Qc7 10. a4 0-0 11. Be3 Nbd7 12. Qd2 Nb6 13. Nh3 Nxc4 14. Bxc4 Bxh3 15. gxh3 Qd7 16. Qg2 e6 17. dxe6 fxe6 18. 0-0 d5 19. Rfd1 Qc6 20. Bb5 Qc7 21. Bf2 Nh5 22. Bg3 Nxg3 23. hxg3 c4 24. a5 Qc5+ 25. Kh2 Qxb5 26. exd5 exd5 27. f4 Rad8 28. Rd2 d4 29. Rad1 d3 30. Ra1 a6 31. h4 Rfe8 32. Rf1 Re3 33. g4 Rde8 34. Rff2 R8e7 35. f5 Qe5+ 36. Kh1 Rg3 37. Qf1 Qd5+ 0-1

[Event "Newport op"]
[Site "Newport"]
[Date "2024.08.18"]
[Round "5"]
[White "Jukes, Sam"]
[Black "Richards, Gareth"]
[Result "1-0"]
[WhiteElo "1915"]
[BlackElo "1588"]
[PlyCount "25"]
[EventDate "2024.08.16"]
[EventType "swiss"]
[EventRounds "5"]
[EventCountry "WLS"]
[SourceTitle "EXT 2025"]
[Source "ChessBase"]
[SourceDate "2024.10.14"]
[SourceVersion "1"]
[SourceVersionDate "2024.10.14"]
[SourceQuality "1"]

1. e4 c6 2. d4 d5 3. Nc3 e6 4. Nf3 Nd7 5. Bd3 Ngf6 6. e5 Ng8 7. Ng5 Be7 8. h4 f5 9. Nxe6 Qb6 10. Nxg7+ Kf8 11. Ne6+ Kf7 12. Qh5+ Kxe6 13. Bxf5# 1-0

[Event "Newport op"]
[Site "Newport"]
[Date "2024.08.17"]
[Round "3"]
[White "Jukes, Sam"]
[Black "Hu, Junyan"]
[Result "1-0"]
[WhiteElo "1915"]
[BlackElo "1720"]
[PlyCount "107"]
[EventDate "2024.08.16"]
[EventType "swiss"]
[EventRounds "5"]
[EventCountry "WLS"]
[SourceTitle "EXT 2025"]
[Source "ChessBase"]
[SourceDate "2024.10.14"]
[SourceVersion "1"]
[SourceVersionDate "2024.10.14"]
[SourceQuality "1"]

1. e4 c5 2. Nf3 e6 3. d4 cxd4 4. Nxd4 Nf6 5. Nc3 Nc6 6. Nxc6 bxc6 7. e5 Nd5 8. Ne4 Qc7 9. f4 Qb6 10. c4 Bb4+ 11. Ke2 f5 12. Ng5 Ba6 13. Kf3 Nc7 14. Be3 Qb7 15. Kg3 g6 16. b3 h6 17. Nf3 Be7 18. h4 Rg8 19. Kf2 0-0-0 20. Bd3 Kb8 21. a3 Ka8 22. b4 Rb8 23. Rb1 Qc8 24. Qa4 c5 25. Qa5 Bd8 26. Qxc5 Nb5 27. cxb5 Bb6 28. Qxc8 Bxe3+ 29. Kxe3 Bxc8 30. Rbc1 Bb7 31. Rc7 Rgd8 32. Nd4 Rbc8 33. Rhc1 Rxc7 34. Rxc7 Bxg2 35. Be2 Kb8 36. Rc1 Bb7 37. Bf3 Bc8 38. Rg1 Rg8 39. Bh5 Rh8 40. Rxg6 Bb7 41. Bf3 Bxf3 42. Kxf3 Kc7 43. h5 Kd8 44. a4 Kc7 45. a5 Kb7 46. Nxe6 dxe6 47. Rxe6 Kc7 48. Rf6 Rd8 49. Ke3 Rd1 50. Rxf5 Rb1 51. Kd4 Rxb4+ 52. Kc5 Rb1 53. Rf7+ Kd8 54. Rxa7 1-0

[Event "Newport op"]
[Site "Newport"]
[Date "2024.08.17"]
[Round "2"]
[White "Mcbeath, Joel"]
[Black "Jukes, Sam"]
[Result "1-0"]
[WhiteElo "1806"]
[BlackElo "1915"]
[PlyCount "43"]
[EventDate "2024.08.16"]
[EventType "swiss"]
[EventRounds "5"]
[EventCountry "WLS"]
[SourceTitle "EXT 2025"]
[Source "ChessBase"]
[SourceDate "2024.10.14"]
[SourceVersion "1"]
[SourceVersionDate "2024.10.14"]
[SourceQuality "1"]

1. e4 e5 2. Nf3 Nc6 3. Bb5 a6 4. Ba4 Nf6 5. 0-0 d6 6. Re1 Bd7 7. c3 g6 8. d4 Bg7 9. Bxc6 Bxc6 10. dxe5 dxe5 11. Qxd8+ Rxd8 12. Nxe5 Bxe4 13. f3 0-0 14. fxe4 Nxe4 15. Nf3 Nc5 16. Na3 b5 17. Nc2 a5 18. Rb1 Na4 19. Nfd4 Rfe8 20. Rxe8+ Rxe8 21. Nxb5 Rb8 22. Nca3 1-0

[Event "BCF-ch AM op"]
[Site "Hull"]
[Date "2024.08.02"]
[Round "5"]
[White "Jukes, Sam"]
[Black "Jaunooby, Ali Reza"]
[Result "1-0"]
[WhiteElo "1911"]
[BlackElo "2145"]
[PlyCount "45"]
[EventDate "2024.07.29"]
[EventType "swiss"]
[EventRounds "6"]
[EventCountry "ENG"]
[SourceTitle "CBM 221 Extra"]
[Source "ChessBase"]
[SourceDate "2024.09.30"]
[SourceVersion "1"]
[SourceVersionDate "2024.09.30"]
[SourceQuality "1"]

1. e4 b6 2. d4 Bb7 3. Nc3 e6 4. f4 Bb4 5. e5 c5 6. Nf3 Nh6 7. a3 Ba5 8. dxc5 Bxc3+ 9. bxc3 bxc5 10. Bd3 f5 11. 0-0 Nc6 12. Be3 Qa5 13. Rb1 Ng4 14. Bf2 Nxf2 15. Rxf2 Nd8 16. Bb5 Nc6 17. Qd6 a6 18. Bc4 Nd8 19. Rd2 Bc6 20. Ng5 Ra7 21. Rb8 Qxc3 22. Nxe6 dxe6 23. Rxd8+ 1-0

[Event "BCF-ch AM op"]
[Site "Hull"]
[Date "2024.08.01"]
[Round "4"]
[White "Jukes, Sam"]
[Black "Agarwal, Amaya"]
[Result "0-1"]
[WhiteElo "1911"]
[BlackElo "1700"]
[PlyCount "96"]
[EventDate "2024.07.29"]
[EventType "swiss"]
[EventRounds "6"]
[EventCountry "ENG"]
[SourceTitle "CBM 221 Extra"]
[Source "ChessBase"]
[SourceDate "2024.09.30"]
[SourceVersion "1"]
[SourceVersionDate "2024.09.30"]
[SourceQuality "1"]

1. e4 c5 2. Nf3 d6 3. d4 cxd4 4. Qxd4 Nc6 5. Bb5 Bd7 6. Bxc6 Bxc6 7. Nc3 Nf6 8. Bg5 e6 9. 0-0-0 Be7 10. Rhe1 0-0 11. Kb1 Qc7 12. h4 h6 13. Bc1 a5 14. Qd3 a4 15. Nd4 Rfc8 16. f3 e5 17. Nf5 Rd8 18. g4 a3 19. b3 d5 20. g5 dxe4 21. Qe3 Nh5 22. gxh6 g6 23. Nxe7+ Qxe7 24. Nxe4 Bxe4 25. Qxe4 Rxd1 26. Rxd1 Ng3 27. Qg4 Ne2 28. Rd7 Qf6 29. Qg5 Qxf3 30. Rd8+ Rxd8 31. Qxd8+ Kh7 32. Qf8 Qf6 33. Qg7+ Qxg7 34. hxg7 Nxc1 35. g8Q+ Kxg8 36. Kxc1 Kg7 37. c4 Kf6 38. Kd2 Ke6 39. Ke3 Kd6 40. b4 f5 41. Kd3 e4+ 42. Kd4 b6 43. Kc3 f4 44. Kd4 e3 45. Kd3 Ke5 46. Kc3 e2 47. Kd2 f3 48. Ke1 Kd4 0-1

[Event "BCF-ch AM op"]
[Site "Hull"]
[Date "2024.07.31"]
[Round "3"]
[White "Li, Reya"]
[Black "Jukes, Sam"]
[Result "1-0"]
[WhiteElo "1766"]
[BlackElo "1911"]
[PlyCount "45"]
[EventDate "2024.07.29"]
[EventType "swiss"]
[EventRounds "6"]
[EventCountry "ENG"]
[SourceTitle "CBM 221 Extra"]
[Source "ChessBase"]
[SourceDate "2024.09.30"]
[SourceVersion "1"]
[SourceVersionDate "2024.09.30"]
[SourceQuality "1"]

1. e4 e5 2. Nc3 Nf6 3. Nf3 Nc6 4. Bb5 Bc5 5. 0-0 d6 6. d4 exd4 7. Nxd4 Bxd4 8. Bxc6+ bxc6 9. Qxd4 c5 10. Qd3 h6 11. b3 0-0 12. Bb2 a5 13. Rfe1 Re8 14. Rad1 Ba6 15. Qg3 Nh5 16. Qg4 g6 17. Qf3 Qf6 18. Qe3 Nf4 19. Ba1 Qg5 20. g3 Nh3+ 21. Kg2 Qh5 22. Nd5 Re6 23. Qc3 1-0

[Event "BCF-ch PM U2050 op"]
[Site "Hull"]
[Date "2024.07.31"]
[Round "3"]
[White "Rao, Shree"]
[Black "Jukes, Sam"]
[Result "0-1"]
[WhiteElo "1651"]
[BlackElo "1911"]
[PlyCount "126"]
[EventDate "2024.07.29"]
[EventType "swiss"]
[EventRounds "6"]
[EventCountry "ENG"]
[SourceTitle "CBM 221 Extra"]
[Source "ChessBase"]
[SourceDate "2024.09.30"]
[SourceVersion "1"]
[SourceVersionDate "2024.09.30"]
[SourceQuality "1"]

1. e4 e5 2. Nf3 Nc6 3. Bb5 a6 4. Ba4 Nf6 5. 0-0 d6 6. c3 Bd7 7. Re1 g6 8. d4 Bg7 9. Bg5 0-0 10. Nbd2 h6 11. Be3 Ng4 12. d5 Nxe3 13. Rxe3 Ne7 14. Bxd7 Qxd7 15. Nc4 f5 16. Qb3 Kh7 17. Rd1 g5 18. exf5 b5 19. Na3 Rxf5 20. Qc2 Kh8 21. c4 b4 22. Nb1 Raf8 23. Re2 Ng6 24. Nbd2 Qf7 25. Ne4 g4 26. Ne1 Nf4 27. Re3 Qg6 28. Ng3 R5f6 29. Qxg6 Rxg6 30. Nd3 a5 31. Ne4 h5 32. Kf1 Bh6 33. Ree1 Rg7 34. g3 Nh3 35. Ke2 Rgf7 36. Rf1 Kg7 37. c5 Rd8 38. c6 Kg6 39. f3 gxf3+ 40. Rxf3 Rdf8 41. Rxf7 Rxf7 42. Nef2 Nxf2 43. Nxf2 Rf8 44. b3 Kf5 45. Kd3 e4+ 46. Nxe4 Ke5 47. Kc4 Kxe4 48. Kb5 Ra8 49. Kc4 a4 50. Kxb4 axb3 51. Kxb3 Ra5 52. Kc4 Rc5+ 53. Kb4 Rc2 54. a4 Rxh2 55. Kb5 Rb2+ 56. Ka6 Bd2 57. a5 Kxd5 58. Ka7 Kxc6 59. a6 Be3+ 60. Ka8 Rf2 61. Rb1 Rf8+ 62. Rb8 Rxb8+ 63. Kxb8 Bb6 0-1

[Event "BCF-ch AM op"]
[Site "Hull"]
[Date "2024.07.30"]
[Round "2"]
[White "Jukes, Sam"]
[Black "Cheng, Louis1"]
[Result "0-1"]
[WhiteElo "1911"]
[BlackElo "1876"]
[PlyCount "46"]
[EventDate "2024.07.29"]
[EventType "swiss"]
[EventRounds "6"]
[EventCountry "ENG"]
[SourceTitle "CBM 221 Extra"]
[Source "ChessBase"]
[SourceDate "2024.09.30"]
[SourceVersion "1"]
[SourceVersionDate "2024.09.30"]
[SourceQuality "1"]

1. e4 c5 2. Nf3 g6 3. d4 cxd4 4. Nxd4 Nc6 5. h4 h5 6. Nc3 Bg7 7. Be3 Nf6 8. Be2 Ng4 9. Bxg4 hxg4 10. Qd2 d6 11. Nxc6 bxc6 12. Bd4 Bh6 13. Qe2 e5 14. Be3 Bxe3 15. Qxe3 Rxh4 16. 0-0-0 Rxh1 17. Rxh1 Qf6 18. Rh7 Ba6 19. Nd1 Ke7 20. Qc3 Qf4+ 21. Kb1 Qxe4 22. Qa5 Bc8 23. Rh8 Bf5 0-1

[Event "BCF-ch PM U2050 op"]
[Site "Hull"]
[Date "2024.07.29"]
[Round "1"]
[White "Pradhan, Ayan"]
[Black "Jukes, Sam"]
[Result "1/2-1/2"]
[WhiteElo "1714"]
[BlackElo "1911"]
[PlyCount "47"]
[EventDate "2024.07.29"]
[EventType "swiss"]
[EventRounds "6"]
[EventCountry "ENG"]
[SourceTitle "CBM 221 Extra"]
[Source "ChessBase"]
[SourceDate "2024.09.30"]
[SourceVersion "1"]
[SourceVersionDate "2024.09.30"]
[SourceQuality "1"]

1. e4 e5 2. Nf3 Nc6 3. Bb5 a6 4. Ba4 Nf6 5. d3 d6 6. c3 g6 7. Bg5 Bg7 8. Nbd2 0-0 9. 0-0 h6 10. Bh4 g5 11. Bg3 Nh7 12. h4 g4 13. Nh2 h5 14. f3 Nf6 15. f4 Nd7 16. fxe5 Ndxe5 17. d4 Ng6 18. Qe1 b5 19. Bb3 Na5 20. Bc2 c5 21. e5 Bb7 22. e6 Bd5 23. Ne4 Bxe6 24. Nxd6 1/2-1/2

[Event "WLS-chA 68th"]
[Site "Cardiff"]
[Date "2024.03.30"]
[Round "4"]
[White "Pleasants, Allan J"]
[Black "Jukes, Sam"]
[Result "1/2-1/2"]
[WhiteElo "1999"]
[BlackElo "1936"]
[PlyCount "66"]
[EventDate "2024.03.29"]
[EventType "swiss"]
[EventRounds "7"]
[EventCountry "WLS"]
[SourceTitle "CBM 219 Extra"]
[Source "ChessBase"]
[SourceDate "2024.05.31"]
[SourceVersion "1"]
[SourceVersionDate "2024.05.31"]
[SourceQuality "1"]

1. Nf3 Nf6 2. c4 e6 3. Nc3 d5 4. e3 Be7 5. Be2 0-0 6. 0-0 c5 7. cxd5 Nxd5 8. d4 cxd4 9. exd4 Nc6 10. Bd3 Bf6 11. a3 Nxc3 12. bxc3 e5 13. dxe5 Nxe5 14. Nxe5 Bxe5 15. Bxh7+ Kxh7 16. Qh5+ Kg8 17. Qxe5 Re8 18. Qd4 Qxd4 19. cxd4 Be6 20. Be3 a6 21. Rfc1 Rac8 22. h4 Rxc1+ 23. Rxc1 Rc8 24. Rxc8+ Bxc8 25. f3 Be6 26. Kf2 Kf8 27. g4 Ke7 28. h5 Kd6 29. g5 Kd5 30. Ke2 Kc4 31. Kd2 Bf5 32. Kc1 b5 33. Kb2 Bd3 1/2-1/2

[Event "South Wales op 18th"]
[Site "Bridgend"]
[Date "2023.07.11"]
[Round "7"]
[White "Byron, Alan M"]
[Black "Jukes, Sam"]
[Result "1-0"]
[WhiteElo "2132"]
[BlackElo "1910"]
[PlyCount "81"]
[EventDate "2023.07.07"]
[EventType "swiss"]
[EventRounds "9"]
[EventCountry "WLS"]
[SourceTitle "CBM 215 Extra"]
[Source "ChessBase"]
[SourceDate "2023.09.30"]
[SourceVersion "1"]
[SourceVersionDate "2023.09.30"]
[SourceQuality "1"]

1. e4 e5 2. Nf3 Nc6 3. Nc3 Nf6 4. Bb5 Bc5 5. d3 Nd4 6. Bc4 d6 7. h3 c6 8. a3 b5 9. Ba2 Be6 10. Nxd4 Bxd4 11. Ne2 Bb6 12. Ng3 h6 13. 0-0 0-0 14. Qe2 Nh7 15. Bxe6 fxe6 16. Qg4 Qf6 17. Nh5 Qe7 18. Bxh6 Rf7 19. Bxg7 Rxg7 20. Nxg7 Qxg7 21. Qxg7+ Kxg7 22. g3 d5 23. Kg2 Rf8 24. Rae1 Rf6 25. h4 d4 26. f4 exf4 27. Rxf4 Bc7 28. e5 Rxf4 29. gxf4 Nf8 30. Kf3 Ng6 31. Rg1 Kf7 32. h5 Nh4+ 33. Ke4 Nf5 34. Rg5 Bd8 35. Rxf5+ exf5+ 36. Kxf5 c5 37. h6 a5 38. e6+ Kg8 39. Kg6 b4 40. f5 c4 41. f6 1-0

[Event "South Wales op 18th"]
[Site "Bridgend"]
[Date "2023.07.10"]
[Round "6"]
[White "Jukes, Sam"]
[Black "Roberts, David Llewelyn"]
[Result "1-0"]
[WhiteElo "1910"]
[BlackElo "1995"]
[PlyCount "117"]
[EventDate "2023.07.07"]
[EventType "swiss"]
[EventRounds "9"]
[EventCountry "WLS"]
[SourceTitle "CBM 215 Extra"]
[Source "ChessBase"]
[SourceDate "2023.09.30"]
[SourceVersion "1"]
[SourceVersionDate "2023.09.30"]
[SourceQuality "1"]

1. e4 e5 2. Nf3 Nc6 3. Bc4 Nf6 4. Ng5 d5 5. exd5 Na5 6. Bb5+ c6 7. dxc6 bxc6 8. Bd3 Nd5 9. Nf3 Bd6 10. Nc3 f5 11. Nxd5 cxd5 12. b4 Nc6 13. Bb5 Bd7 14. 0-0 0-0 15. Bb2 d4 16. Qe2 Qe8 17. Rfe1 Rc8 18. Bxc6 Bxc6 19. Nxe5 Be4 20. Bxd4 Rxc2 21. Nc4 Bb8 22. Bc3 Qg6 23. f3 Qh5 24. h3 Ba8 25. Qe6+ Kh8 26. Qe7 Rg8 27. Ne5 h6 28. Nf7+ Kh7 29. Re6 Rxc3 30. dxc3 Bd5 31. Rxh6+ gxh6 32. Ng5+ Kg6 33. Ne6 Bxe6 34. Qxe6+ Kh7 35. Rd1 Rg7 36. g4 Qf7 37. Qxf7 Rxf7 38. gxf5 Rxf5 39. Kf2 Kg6 40. Rd8 Be5 41. c4 Rf4 42. Rc8 Bd4+ 43. Ke2 Bc3 44. b5 Rd4 45. a4 Kf5 46. Ke3 Rd7 47. Rc5+ Ke6 48. Rh5 Bd2+ 49. Ke4 Rf7 50. Re5+ Kf6 51. Rf5+ Ke6 52. Rxf7 Kxf7 53. Kd5 Ke7 54. Kc6 Kd8 55. Kb7 Be3 56. a5 Kd7 57. b6 axb6 58. a6 b5 59. cxb5 1-0